[Event "Paul Keres mem (31st)"]
[Site "Vancouver CAN"]
[Date "2006.05.21"]
[Round "4.3"]
[White "Jiganchine, Roman"]
[Black "Cheng, Bindi"]
[Result "1/2-1/2"]
[WhiteElo "2241"]
[BlackElo "2172"]
[PlyCount "94"]
[EventDate "2006.05.19"]
[EventType "swiss"]
[EventRounds "6"]
[EventCountry "CAN"]

1. e4 c5 2. Nf3 Nc6 3. d4 cxd4 4. Nxd4 e6 5. Nc3 Qc7 6. Be2 a6 7. O-O Nf6 8.
Be3 Bb4 9. Na4 O-O 10. Nxc6 bxc6 11. Nb6 Rb8 12. Nxc8 Rfxc8 13. Bxa6 Rf8 14.
Bd3 Bd6 15. Bg5 Bxh2+ 16. Kh1 Be5 17. f4 Bxb2 18. Rb1 h6 19. Bh4 Qa5 20. e5 Nd5
21. Qf3 f5 22. exf6 Nxf6 23. Bg3 Qh5+ 24. Qxh5 Nxh5 25. Bh2 Bd4 26. Rxb8 Rxb8
27. g4 Nf6 28. g5 Ng4 29. gxh6 Nf2+ 30. Kg2 Nxd3 31. cxd3 gxh6 32. Kf3 Rb2 33.
Bg1 Bf6 34. a4 Rb4 35. a5 Ra4 36. Bb6 Bc3 37. Rg1+ Kh7 38. Bd8 Ra2 39. Rg2 Ra1
40. Bc7 Ra3 41. Ke3 d5 42. Bb6 h5 43. Bd4 Bxd4+ 44. Kxd4 Rxa5 45. Ke5 Ra3 46.
Kf6 Rxd3 47. Kf7 Rf3 1/2-1/2

[Event "Paul Keres mem (31st)"]
[Site "Vancouver CAN"]
[Date "2006.05.21"]
[Round "5.2"]
[White "Cheng, Bindi"]
[Black "Berry, Jonathan"]
[Result "1-0"]
[WhiteElo "2172"]
[BlackElo "2298"]
[PlyCount "65"]
[EventDate "2006.05.19"]
[EventType "swiss"]
[EventRounds "6"]
[EventCountry "CAN"]

1. e4 g6 2. d4 d6 3. Nc3 a6 4. a4 b6 5. f4 Bg7 6. Nf3 c5 7. Bc4 cxd4 8. Nxd4
Nd7 9. Bd5 Rb8 10. Nc6 Qc7 11. Nxb8 Qxb8 12. Be3 Ngf6 13. O-O O-O 14. Bd4 e6
15. Ba2 Bb7 16. Bxf6 Nxf6 17. f5 gxf5 18. exf5 d5 19. fxe6 fxe6 20. Qe1 Qd6 21.
Kh1 Kh8 22. Rd1 d4 23. Ne2 e5 24. Ng3 Qc6 25. Qe2 Qxa4 26. Bb3 Qc6 27. Nf5 a5
28. Nh4 Re8 29. Rf3 Ne4 30. Rf7 Ng5 31. Rxb7 Qxb7 32. Qh5 Nf7 33. Rf1 1-0

[Event "Paul Keres mem (31st)"]
[Site "Vancouver CAN"]
[Date "2006.05.22"]
[Round "6.2"]
[White "Pechisker, Alfred"]
[Black "Cheng, Bindi"]
[Result "1-0"]
[WhiteElo "2250"]
[BlackElo "2172"]
[PlyCount "95"]
[EventDate "2006.05.19"]
[EventType "swiss"]
[EventRounds "6"]
[EventCountry "CAN"]

1. d4 Nf6 2. c4 g6 3. Nc3 Bg7 4. e4 O-O 5. f3 c5 6. d5 d6 7. Bg5 e6 8. Qd2 exd5
9. cxd5 a6 10. a4 h6 11. Be3 h5 12. Bg5 Re8 13. Qf4 Re5 14. Nge2 Nbd7 15. h4
Qa5 16. Ra3 c4 17. Qd2 Qc7 18. Nd4 Nc5 19. Be2 Re8 20. O-O Nfd7 21. Bxc4 Nxe4
22. Nxe4 Qxc4 23. Nb3 Qc7 24. Rc1 Qb8 25. Na5 f5 26. Nf2 Ne5 27. Rac3 b6 28.
Nc6 Nxc6 29. dxc6 Bxc3 30. Qxc3 Qc7 31. Nh3 Qf7 32. Rd1 f4 33. Nxf4 Bf5 34.
Rxd6 Rac8 35. Nd5 Re6 36. Rxe6 Bxe6 37. Ne7+ Kh7 38. Nxc8 Bxc8 39. c7 Qd7 40.
Qe5 Bb7 41. b4 b5 42. a5 Bc8 43. Kh2 Kg8 44. Kg3 Qf7 45. Qd6 Kg7 46. Bf4 Qe6
47. Qxe6 Bxe6 48. Be5+ 1-0

[Event "Paul Keres mem (31st)"]
[Site "Vancouver CAN"]
[Date "2006.05.22"]
[Round "7.4"]
[White "Cheng, Bindi"]
[Black "Davies, Lucas"]
[Result "1/2-1/2"]
[WhiteElo "2172"]
[BlackElo "2154"]
[PlyCount "84"]
[EventDate "2006.05.19"]
[EventType "swiss"]
[EventRounds "6"]
[EventCountry "CAN"]

1. d4 Nf6 2. c4 g6 3. Nc3 Bg7 4. e4 d6 5. Be2 O-O 6. Bg5 c5 7. d5 e6 8. Qd2
exd5 9. exd5 Re8 10. Nf3 a6 11. a4 Nbd7 12. O-O Qc7 13. h3 Ne5 14. Nh4 Ned7 15.
Qf4 Re5 16. Nf3 Re8 17. Rae1 Qb6 18. Rb1 Nh5 19. Qd2 Ne5 20. Nxe5 Rxe5 21. Bd3
Bf5 22. Bxf5 Rxf5 23. g4 Rxg5 24. Qxg5 Nf6 25. b3 Re8 26. Qd2 Qb4 27. Rfc1 Nd7
28. Kg2 Bd4 29. Rc2 Nf6 30. Ne2 Qxd2 31. Rxd2 Ne4 32. Rc2 Bxf2 33. b4 Bh4 34.
Nf4 cxb4 35. Re2 a5 36. Nd3 Kg7 37. Rf1 h6 38. Rf3 Nf6 39. Rxe8 Nxe8 40. Re3
Nc7 41. Kf3 Na6 42. Ke2 Kf8 1/2-1/2

[Event "MacAdam mem"]
[Site "Victoria CAN"]
[Date "2006.01.21"]
[Round "1.3"]
[White "Cheng, Bindi"]
[Black "Wild, Joshua"]
[Result "1-0"]
[WhiteElo "2188"]
[BlackElo "1527"]
[PlyCount "73"]
[EventDate "2006.01.21"]
[EventType "swiss"]
[EventRounds "5"]
[EventCountry "CAN"]

1. e4 e5 2. Nf3 Nc6 3. Bb5 a6 4. Ba4 Bc5 5. O-O d6 6. d4 exd4 7. Nxd4 Nge7 8.
Bg5 f6 9. Nxc6 bxc6 10. Bh4 O-O 11. Bb3+ d5 12. Nc3 Be6 13. Re1 Qd7 14. exd5
Nxd5 15. Rxe6 Qxe6 16. Nxd5 Rad8 17. Nxf6+ Kh8 18. Bxe6 Rxd1+ 19. Rxd1 gxf6 20.
Rd8 Kg7 21. Rxf8 Bxf8 22. Bg3 Bd6 23. Bxd6 cxd6 24. c4 Kf8 25. f4 Ke7 26. f5
Kd8 27. Kf2 Kc7 28. g4 h6 29. h4 Kd8 30. Kf3 Ke7 31. Kf4 Kf8 32. b4 Ke7 33. a4
Kd8 34. g5 fxg5+ 35. hxg5 hxg5+ 36. Kxg5 Ke7 37. b5 1-0

[Event "MacAdam mem"]
[Site "Victoria CAN"]
[Date "2006.01.22"]
[Round "2.2"]
[White "Jones, Cliff"]
[Black "Cheng, Bindi"]
[Result "1/2-1/2"]
[WhiteElo "1679"]
[BlackElo "2188"]
[PlyCount "116"]
[EventDate "2006.01.21"]
[EventType "swiss"]
[EventRounds "5"]
[EventCountry "CAN"]

1. e4 d5 2. d3 e5 3. Nd2 Nf6 4. Ngf3 Nc6 5. c3 Bc5 6. Be2 O-O 7. O-O dxe4 8.
dxe4 a5 9. a4 Qe7 10. Qc2 Bg4 11. Nc4 h6 12. Be3 Bxe3 13. Nxe3 Bxf3 14. Bxf3
Qc5 15. Rad1 Nd8 16. Nd5 Ne8 17. Qb3 Ra6 18. Rd2 c6 19. Ne3 Nf6 20. Rfd1 Ra8
21. g3 Ne6 22. Qc2 Rfd8 23. Ng4 Ne8 24. Ne3 g6 25. Kg2 Rd6 26. Qb3 Rad8 27.
Rxd6 Nxd6 28. h4 h5 29. Qc2 Kg7 30. Rd2 b5 31. axb5 cxb5 32. Rd5 Qc7 33. Rxe5
Nc4 34. Nxc4 bxc4 35. Rd5 Rb8 36. Be2 g5 37. hxg5 h4 38. Qd2 hxg3 39. fxg3 Rh8
40. Bg4 Qc6 41. Bxe6 Qxe6 42. Qd4+ Kg6 43. Qf6+ Qxf6 44. gxf6 Rb8 45. Rxa5
Rxb2+ 46. Kf3 Rb3 47. Ra6 Rxc3+ 48. Kg4 Rc1 49. Rc6 c3 50. Kf3 Rg1 51. Kf4 Rc1
52. e5 c2 53. Kg4 Kh6 54. Rc8 Kg6 55. Rc7 Re1 56. Rxc2 Rxe5 57. Rc6 Re4+ 58.
Kf3 Re6 1/2-1/2

[Event "MacAdam mem"]
[Site "Victoria CAN"]
[Date "2006.01.22"]
[Round "4.3"]
[White "Cheng, Bindi"]
[Black "Beaudin, Jesse"]
[Result "1-0"]
[WhiteElo "2188"]
[BlackElo "1847"]
[PlyCount "99"]
[EventDate "2006.01.21"]
[EventType "swiss"]
[EventRounds "5"]
[EventCountry "CAN"]

1. Nf3 d5 2. g3 g6 3. Bg2 Bg7 4. O-O Nf6 5. d4 O-O 6. c4 e6 7. Nc3 b6 8. Bf4 c6
9. Rc1 Bb7 10. cxd5 exd5 11. b4 Nh5 12. Bg5 f6 13. Be3 f5 14. Bg5 Nf6 15. Qb3
h6 16. Bf4 b5 17. a4 a6 18. Nd1 Ne4 19. Nb2 Nd7 20. Rfd1 Kh7 21. a5 Qe7 22. Nd3
Rae8 23. Nfe5 Bxe5 24. Bxe5 Nd6 25. Bxd6 Qxd6 26. e3 Re7 27. h4 Rf6 28. Kf1 g5
29. hxg5 hxg5 30. Ke2 Kh8 31. Rh1+ Rh7 32. Rxh7+ Kxh7 33. Rh1+ Rh6 34. Qd1 Rxh1
35. Qxh1+ Qh6 36. Qxh6+ Kxh6 37. f3 Kg7 38. e4 fxe4 39. fxe4 dxe4 40. Bxe4 Kf6
41. Ke3 Ba8 42. Bg2 Kf5 43. Bh3+ g4 44. Bg2 Bb7 45. Be4+ Kg5 46. Ne5 Nb8 47.
Nf7+ Kf6 48. Nd6 Ba8 49. Kf4 Ke6 50. Nc8 1-0

[Event "MacAdam mem"]
[Site "Victoria CAN"]
[Date "2006.01.22"]
[Round "5.2"]
[White "Cheng, Bindi"]
[Black "Chan, James"]
[Result "1-0"]
[WhiteElo "2188"]
[BlackElo "1958"]
[PlyCount "51"]
[EventDate "2006.01.21"]
[EventType "swiss"]
[EventRounds "5"]
[EventCountry "CAN"]

1. d4 d5 2. c4 c6 3. Nf3 Nf6 4. Qc2 e6 5. e3 Nbd7 6. Nc3 Bd6 7. g4 b6 8. g5 Ng8
9. Bd2 Bb7 10. e4 Rc8 11. cxd5 cxd5 12. e5 Bf8 13. h4 Ne7 14. Bd3 h6 15. h5 Nc6
16. a3 Qc7 17. O-O-O a6 18. g6 f5 19. exf6 Nxf6 20. Rhe1 Kd7 21. Kb1 Re8 22.
Rc1 Kc8 23. Qa4 b5 24. Nxb5 axb5 25. Bxb5 Kb8 26. Bxc6 1-0

[Event "British Columbia op"]
[Site "Burnaby CAN"]
[Date "2024.02.18"]
[Round "3.1"]
[White "Mohammed Qanee, Arpak Worya"]
[Black "Cheng, Bindi"]
[Result "0-1"]
[WhiteElo "2048"]
[BlackElo "2470"]
[PlyCount "76"]
[EventDate "2024.02.17"]
[EventType "swiss"]
[EventRounds "6"]
[EventCountry "CAN"]

1. c4 Nf6 2. Nc3 g6 3. d4 c5 4. d5 Bg7 5. e4 d6 6. f4 O-O 7. Nf3 e6 8. Bd3 exd5
9. cxd5 Bg4 10. O-O Nbd7 11. h3 Bxf3 12. Qxf3 a6 13. a4 Rb8 14. Bd2 Ne8 15.
Rae1 Nc7 16. Nd1 b5 17. axb5 Nxb5 18. Bxb5 axb5 19. Bc3 Bxc3 20. bxc3 Qc7 21.
h4 c4 22. h5 b4 23. Re3 Rfe8 24. cxb4 Rxb4 25. Nc3 Rb3 26. Kh1 Qd8 27. Qe2 Qb6
28. hxg6 hxg6 29. Rff3 Qd4 30. Rh3 Nf6 31. e5 dxe5 32. Rxe5 Ra8 33. Qe1 Raa3
34. Re8+ Kg7 35. Ree3 Rb2 36. Qh4 Nh5 37. Ne2 Qd1+ 38. Ng1 Ra1 0-1

[Event "British Columbia - Alberta m"]
[Site "Salmon Arm CAN"]
[Date "2024.05.03"]
[Round "1.1"]
[White "Tam, Erik"]
[Black "Cheng, Bindi"]
[Result "0-1"]
[WhiteElo "2135"]
[BlackElo "2447"]
[PlyCount "80"]
[EventDate "2024.05.03"]
[EventType "team"]
[EventRounds "5"]
[EventCountry "CAN"]
[WhiteTeam "AB"]
[BlackTeam "BC"]

1. e4 c5 2. Nf3 d6 3. Bb5+ Nd7 4. c3 a6 5. Ba4 Ngf6 6. Bc2 b5 7. d4 e6 8. O-O
Bb7 9. Re1 Be7 10. Nbd2 Qc7 11. Nf1 O-O 12. Ng3 Rfe8 13. h3 Bf8 14. Bg5 Rac8
15. Bd3 Qb6 16. Bxf6 Nxf6 17. e5 Bxf3 18. Qxf3 Nd7 19. Rad1 g6 20. Bb1 cxd4 21.
cxd4 Bg7 22. Ne4 dxe5 23. dxe5 Rcd8 24. Nf6+ Nxf6 25. exf6 Bf8 26. Be4 Bc5 27.
Bc6 Rxd1 28. Rxd1 Bxf2+ 29. Qxf2 Qxc6 30. g4 h6 31. Qe3 e5 32. g5 hxg5 33. Qxg5
Qf3 34. Rd2 Rc8 35. Rf2 Qd1+ 36. Rf1 Qd4+ 37. Rf2 Rc2 38. Qg3 Rxb2 39. Qxg6+
fxg6 40. f7+ Kf8 0-1

[Event "British Columbia - Alberta m"]
[Site "Salmon Arm CAN"]
[Date "2024.05.04"]
[Round "2.1"]
[White "Cheng, Bindi"]
[Black "Haessel, Dale"]
[Result "1/2-1/2"]
[WhiteElo "2447"]
[BlackElo "2157"]
[PlyCount "60"]
[EventDate "2024.05.03"]
[EventType "team"]
[EventRounds "5"]
[EventCountry "CAN"]
[WhiteTeam "BC"]
[BlackTeam "AB"]

1. Nf3 Nf6 2. c4 c5 3. Nc3 Nc6 4. a3 d5 5. cxd5 Nxd5 6. e4 Nc7 7. Bc4 g6 8. b4
Be6 9. Qb3 Bg7 10. bxc5 O-O 11. Bxe6 Nxe6 12. O-O Nxc5 13. Qb5 Nxe4 14. Qxb7
Nxc3 15. dxc3 Bxc3 16. Rb1 Qd6 17. Bh6 Rfb8 18. Qa6 Rxb1 19. Rxb1 Rd8 20. h4
Nd4 21. Qd3 Nxf3+ 22. Qxf3 Bg7 23. Bxg7 Kxg7 24. Qe3 Rd7 25. h5 gxh5 26. Rb5 h6
27. g3 Qc6 28. Qe5+ f6 29. Qxh5 Rd1+ 30. Qxd1 Qxb5 1/2-1/2

[Event "British Columbia - Alberta m"]
[Site "Salmon Arm CAN"]
[Date "2024.05.04"]
[Round "3.3"]
[White "Vasic, Maxim"]
[Black "Cheng, Bindi"]
[Result "0-1"]
[WhiteElo "2167"]
[BlackElo "2447"]
[PlyCount "60"]
[EventDate "2024.05.03"]
[EventType "team"]
[EventRounds "5"]
[EventCountry "CAN"]
[WhiteTeam "AB"]
[BlackTeam "BC"]

1. e4 c5 2. Nf3 e6 3. d4 cxd4 4. Nxd4 a6 5. Bd3 Qc7 6. O-O Nf6 7. Nc3 b5 8. Qe2
d6 9. a4 b4 10. Nb1 Nbd7 11. Nd2 Bb7 12. N2b3 Ne5 13. Bd2 d5 14. exd5 Nxd5 15.
Be4 Bd6 16. Qh5 g6 17. Qh4 Be7 18. Qh3 h5 19. Rfe1 Ng4 20. g3 e5 21. Bf3 O-O
22. Nf5 gxf5 23. Qxh5 Nf4 24. Bxf4 Bxf3 25. Qxf5 exf4 26. Nd4 Nh6 27. Qxf4 Qxf4
28. gxf4 Bf6 29. Nxf3 Bxb2 30. Rab1 Bc3 0-1

[Event "British Columbia - Alberta m"]
[Site "Salmon Arm CAN"]
[Date "2024.05.05"]
[Round "4.1"]
[White "Cheng, Bindi"]
[Black "Wu, Jonathan"]
[Result "1/2-1/2"]
[WhiteElo "2447"]
[BlackElo "2057"]
[PlyCount "76"]
[EventDate "2024.05.03"]
[EventType "team"]
[EventRounds "5"]
[EventCountry "CAN"]
[WhiteTeam "BC"]
[BlackTeam "AB"]

1. d4 Nf6 2. Bg5 g6 3. Bxf6 exf6 4. e3 Bg7 5. c4 O-O 6. g3 d6 7. Bg2 Nd7 8. Nc3
f5 9. Nge2 Re8 10. O-O Nf6 11. Qd3 Rb8 12. b4 Bd7 13. Rac1 Qe7 14. Nf4 c6 15.
b5 Ne4 16. bxc6 bxc6 17. Rb1 h6 18. Rxb8 Rxb8 19. Nxe4 fxe4 20. Bxe4 f5 21. Bg2
g5 22. Ne2 Rb2 23. Rb1 Rxb1+ 24. Qxb1 Be6 25. Qb8+ Kh7 26. Bxc6 Bxc4 27. Nc3
Bxd4 28. Bd5 Bxd5 29. Nxd5 Qf7 30. Qxd6 Bg7 31. a4 Qb7 32. Kg2 Qb1 33. Qe6 g4
34. h3 gxh3+ 35. Kh2 Qc2 36. Kxh3 Qxf2 37. Qf7 Qf1+ 38. Kh2 Qf2+ 1/2-1/2

[Event "British Columbia - Alberta m"]
[Site "Salmon Arm CAN"]
[Date "2024.05.05"]
[Round "5.1"]
[White "Malek, Omid"]
[Black "Cheng, Bindi"]
[Result "0-1"]
[WhiteElo "2209"]
[BlackElo "2447"]
[PlyCount "72"]
[EventDate "2024.05.03"]
[EventType "team"]
[EventRounds "5"]
[EventCountry "CAN"]
[WhiteTeam "AB"]
[BlackTeam "BC"]

1. d4 Nf6 2. Bg5 Ne4 3. Bf4 c5 4. f3 Qa5+ 5. c3 Nf6 6. d5 Qb6 7. e4 Qxb2 8. Nd2
Qxc3 9. Ne2 Qa5 10. Kf2 d6 11. Nc4 Qd8 12. Nc3 a6 13. a4 g6 14. Qd2 h5 15. h4
Nbd7 16. Rb1 Bg7 17. Be2 O-O 18. Be3 b5 19. axb5 axb5 20. Nxb5 Ba6 21. Nba3 Qc7
22. Qc2 Rfb8 23. g4 Nb6 24. Nxb6 Rxb6 25. Rxb6 Qxb6 26. Nc4 Bxc4 27. Qxc4 hxg4
28. e5 g3+ 29. Kg2 Nh5 30. e6 f5 31. Bg5 Qb2 32. Rd1 Ra2 33. Rd2 Qxd2 34. Bxd2
Rxd2 35. Qb5 Rxe2+ 36. Kf1 Nf4 0-1

[Event "Paul Keres mem (48th)"]
[Site "Surrey CAN"]
[Date "2024.05.18"]
[Round "1.2"]
[White "Darvekar, Yash"]
[Black "Cheng, Bindi"]
[Result "0-1"]
[WhiteElo "2007"]
[BlackElo "2443"]
[PlyCount "88"]
[EventDate "2024.05.18"]
[EventType "swiss"]
[EventRounds "6"]
[EventCountry "CAN"]

1. e4 c5 2. Nf3 e6 3. d4 cxd4 4. Nxd4 a6 5. c4 Nf6 6. Nc3 Qc7 7. Be3 Bb4 8. Bd3
Nc6 9. Nxc6 dxc6 10. O-O e5 11. h3 O-O 12. Qc2 Nd7 13. Na4 Be7 14. c5 Re8 15.
b4 Nf8 16. f4 Ne6 17. f5 Nd4 18. Qf2 a5 19. Nb6 Ra7 20. Qg3 Bd8 21. Nxc8 Qxc8
22. Bh6 g6 23. Bc4 g5 24. Bxg5 Kh8 25. f6 Rg8 26. Qh4 b5 27. Bb3 axb4 28. Bh6
Rg6 29. Bd1 Qe6 30. Bg7+ Kg8 31. Bg4 Qc4 32. Rac1 Qd3 33. Qh5 Rxa2 34. Qxe5
Ne2+ 35. Kh2 Qg3+ 36. Qxg3 Nxg3 37. Kxg3 h5 38. Ra1 Ra3+ 39. Kh2 hxg4 40. Rad1
Bc7+ 41. e5 gxh3 42. Rd7 Rxg2+ 43. Kh1 Raa2 44. Rf2 Ra1+ 0-1

[Event "Paul Keres mem (48th)"]
[Site "Surrey CAN"]
[Date "2024.05.18"]
[Round "2.2"]
[White "Cheng, Bindi"]
[Black "Beqo, Besnik"]
[Result "1-0"]
[WhiteElo "2443"]
[BlackElo "2115"]
[PlyCount "63"]
[EventDate "2024.05.18"]
[EventType "swiss"]
[EventRounds "6"]
[EventCountry "CAN"]

1. Nf3 Nf6 2. c4 g6 3. Nc3 d5 4. cxd5 Nxd5 5. Qb3 Nb6 6. d4 Bg7 7. Bf4 O-O 8.
Rd1 a5 9. e4 a4 10. Qc2 c6 11. h3 Be6 12. Be2 Na6 13. O-O Nb4 14. Qb1 Bc4 15.
Bxc4 Nxc4 16. a3 Na6 17. Nxa4 Qa5 18. Qc2 e5 19. dxe5 Nxe5 20. Nxe5 Bxe5 21.
Bxe5 Qxe5 22. Nb6 Rad8 23. Nd7 Rxd7 24. Rxd7 Nc5 25. Rdd1 Nxe4 26. Rfe1 f5 27.
f3 Qc5+ 28. Qxc5 Nxc5 29. b4 Na4 30. Re7 Nb6 31. Rxb7 Nd5 32. b5 1-0

[Event "Paul Keres mem (48th)"]
[Site "Surrey CAN"]
[Date "2024.05.19"]
[Round "3.2"]
[White "Doknjas, Neil"]
[Black "Cheng, Bindi"]
[Result "1-0"]
[WhiteElo "2363"]
[BlackElo "2443"]
[PlyCount "73"]
[EventDate "2024.05.18"]
[EventType "swiss"]
[EventRounds "6"]
[EventCountry "CAN"]

1. e4 c5 2. Nf3 d6 3. d4 cxd4 4. Nxd4 Nf6 5. Nc3 a6 6. Be3 e6 7. f3 b5 8. Qd2
Nbd7 9. g4 Nb6 10. a4 Nc4 11. Bxc4 bxc4 12. g5 Nd7 13. O-O-O Bb7 14. h4 Qa5 15.
h5 Nb6 16. g6 Nxa4 17. gxf7+ Kxf7 18. Nxa4 Qxa4 19. Qh2 c3 20. bxc3 Rc8 21. Rd3
Be7 22. Rg1 Qd7 23. e5 Rhe8 24. Bg5 Bf8 25. Qf4+ Kg8 26. Bf6 Qf7 27. exd6 Bxd6
28. Qh4 Be7 29. Bxe7 Rxe7 30. f4 Rf8 31. f5 Qf6 32. Qxf6 Rxf6 33. Nxe6 Rxf5 34.
Rd8+ Kf7 35. Ng5+ Kf6 36. Rf8+ Ke5 37. Re1+ 1-0

[Event "Paul Keres mem (48th)"]
[Site "Surrey CAN"]
[Date "2024.05.19"]
[Round "4.4"]
[White "Cheng, Bindi"]
[Black "Chen, Yidong"]
[Result "1/2-1/2"]
[WhiteElo "2443"]
[BlackElo "2029"]
[PlyCount "108"]
[EventDate "2024.05.18"]
[EventType "swiss"]
[EventRounds "6"]
[EventCountry "CAN"]

1. Nf3 Nf6 2. g3 d5 3. Bg2 e6 4. O-O Be7 5. c4 O-O 6. Qc2 c6 7. d4 b6 8. Nbd2
Bb7 9. e4 c5 10. exd5 exd5 11. Rd1 dxc4 12. Nxc4 cxd4 13. Nce5 Be4 14. Qe2 Nc6
15. Nxc6 Bxc6 16. Nxd4 Bxg2 17. Nf5 Qb8 18. Nxe7+ Kh8 19. Kxg2 Qb7+ 20. Kg1
Rfe8 21. Re1 Ng8 22. Ng6+ hxg6 23. Qxe8 Rxe8 24. Rxe8 Qd7 25. Re1 Qd4 26. Bg5
Qxb2 27. Rad1 f6 28. Bc1 Qc3 29. Re8 g5 30. Be3 Kh7 31. g4 Qc4 32. h3 Nh6 33.
Rd4 Qxa2 34. Rd7 Nf7 35. Ree7 Ne5 36. Rxg7+ Kh8 37. Rh7+ Kg8 38. Rhg7+ Kf8 39.
Rxa7 Qb1+ 40. Kh2 Nf3+ 41. Kg3 Nh4 42. Raf7+ Ke8 43. Re7+ Kf8 44. Rgf7+ Kg8 45.
f4 Qe1+ 46. Bf2 Qc3+ 47. Kh2 Qf3 48. Bxh4 gxh4 49. Rg7+ Kf8 50. Rgf7+ Kg8 51.
Rg7+ Kf8 52. Ref7+ Ke8 53. Rc7 Qf2+ 54. Kh1 Qf1+ 1/2-1/2

[Event "Paul Keres mem (48th)"]
[Site "Surrey CAN"]
[Date "2024.05.20"]
[Round "5.3"]
[White "Liu, Zachary"]
[Black "Cheng, Bindi"]
[Result "0-1"]
[WhiteElo "2188"]
[BlackElo "2443"]
[PlyCount "73"]
[EventDate "2024.05.18"]
[EventType "swiss"]
[EventRounds "6"]
[EventCountry "CAN"]

1. c4 Nf6 2. g3 g6 3. b3 Bg7 4. Bb2 O-O 5. Bg2 c6 6. Nf3 d5 7. O-O a5 8. cxd5
cxd5 9. a3 Nc6 10. d4 Bf5 11. Nc3 Ne4 12. e3 Nxc3 13. Bxc3 Be4 14. Nd2 Bd3 15.
Re1 b5 16. b4 axb4 17. axb4 Qd6 18. Qb3 e6 19. Ra3 Rxa3 20. Qxa3 Re8 21. Nb3 e5
22. dxe5 Nxe5 23. Qa1 Be4 24. Rd1 Qc7 25. Nc5 Nf3+ 26. Kh1 Bf8 27. Rc1 Bxc5 28.
Bh8 d4 29. Rxc5 Qb7 30. Bf6 Ng5 31. Qf1 Bxg2+ 32. Qxg2 Ne4 33. Bxd4 Nxc5 34.
Bxc5 Qxg2+ 35. Kxg2 f5 36. Kf3 Re4 37. Ke2 {and Black won.} 0-1

[Event "Paul Keres mem (48th)"]
[Site "Surrey CAN"]
[Date "2024.05.20"]
[Round "6.2"]
[White "Cheng, Bindi"]
[Black "Miller, David"]
[Result "1-0"]
[WhiteElo "2443"]
[BlackElo "2215"]
[PlyCount "57"]
[EventDate "2024.05.18"]
[EventType "swiss"]
[EventRounds "6"]
[EventCountry "CAN"]

1. Nf3 g6 2. d4 Bg7 3. c4 Nf6 4. Nc3 O-O 5. Bf4 d6 6. e3 c5 7. d5 Bg4 8. Be2
Qb6 9. Rb1 h6 10. h3 Bxf3 11. Bxf3 Nfd7 12. O-O g5 13. Bh2 f5 14. Be2 Ne5 15.
f4 gxf4 16. exf4 Ng6 17. Bd3 e5 18. Qh5 Nxf4 19. Bxf4 exf4 20. Bxf5 Qd8 21. Qg6
Rf6 22. Qh7+ Kf8 23. Ne4 Rf7 24. Kh1 Bxb2 25. Qg6 Be5 26. Be6 Rg7 27. Qxh6 Qc7
28. Rxf4+ Ke7 29. Rbf1 1-0